Song Lyrics - Statistics

General Stats
  • This quiz has been taken 73 times
  • The average score is 9 of 15
Answer Stats
Hint Answer % Correct
Blow a kiss, Fire a gun all we need is somebody to ____ __ Lean On
81%
Oh I think that i found myself a _________ she is always right there when I need her Cheerleader
79%
Now _____ __ whip, Now ____ __ Nae Nae, Now ____ __ Whip Whip, ____ __Nae Nae Watch Me
79%
This is my ____ ____, take back my life song, prove i'm alright song Fight Song
77%
I can't ___ __ ___ when I'm with you, but I love it Feel My Face
75%
She said "____ __ ___ _____ ___ __!" This woman is my destiny She said "Ooh, Ooh, Ooh! ____ __ ___ _____ ___ __!" Shut Up And Dance With Me
70%
Cause baby, now we've got ___ ____ You know it used to be mad love so take a look what you've done Bad Blood
67%
Oh, I'll tell you all about it when I ___ ___ ____ See You Again
67%
Give it to me I'm ____ __, Baby I'm ____ __. Uh-huh I'm ____ __ Worth It
58%
Cause I've got ____ ____ _____ till wildin', and we got three more days 'til Friday FourFiveSeconds
56%
Well I've got thick skin and an _______ _____ but your blade it might be too sharp I'm like a rubber band until you pull to hard Elastic Heart
42%
Don't tell your mother, Kiss one another, Die for eachother, We're ____ __ __ _______ Cool For The Summer
40%
This is my _________ ____ and I'm gonna play it Heartbeat Song
39%
She wants to dance like ___ _______, Bury me till I confess Uma Thurman
37%
No, honey, I'm good I could have another but I probably should not. I've got to bid you adieu. To another I will ____ ____ Stay True
33%
No matching quizzes found
Score Distribution
Percent of People with Each Score
Percentile by Number Answered
Your Score History
You have not taken this quiz